00565nam a2200157 a 450000100100000000500170001000800410002704000250006810000330009324500370012626000930016330000200025604900090027695201050028599900170039000003319720200930070106.0110822s1956 dr 000 0 spa d aDO-SdBNPbspacBNPHU1 aIsaias de Cuomo, July95883710aOfrenda /cJuly Isaias de Cuomo. aCiudad Trujillo, República Dominicana :bEscuela Salesiana de Artes Gráficas,c1956. a15 p. ;c22 cm. aBNPD 0010718PDaPDbPDcCTd2011-08-22iLF1l0o p33197-10r2020-06-25w2020-06-25yLFPDZNo se presta c32688d32688